[Event "Montreal Saturday op 11"]
[Site "Montreal"]
[Date "2009.11.25"]
[Round "2"]
[White "Dubois, Laurent"]
[Black "Chestnut, Walter"]
[Result "0-1"]
[WhiteElo "1566"]
[BlackElo "1596"]
[PlyCount "28"]
[EventDate "2009.11.18"]
[EventType "tourn"]
[EventRounds "5"]
[EventCountry "CAN"]
[SourceTitle "EXT 2011"]
[Source "ChessBase"]
[SourceDate "2010.11.26"]
[SourceVersion "1"]
[SourceVersionDate "2010.11.26"]
[SourceQuality "1"]

1. d4 d5 2. c4 c6 3. Nf3 Nf6 4. Nc3 dxc4 5. a4 Bf5 6. e3 e6 7. Bxc4 Bb4 8. 0-0 0-0 9. Qb3 Qb6 10. Bd2 Nbd7 11. Na2 Bxd2 12. Nxd2 Qxb3 13. Bxb3 c5 14. dxc5 Nxc5 0-1

[Event "Montreal Mercredi 04"]
[Site "Montreal"]
[Date "2009.04.29"]
[Round "5"]
[White "Gauthier, Luc"]
[Black "Chestnut, Walter"]
[Result "1-0"]
[WhiteElo "1676"]
[BlackElo "1657"]
[PlyCount "67"]
[EventDate "2009.04.01"]
[EventType "tourn"]
[EventRounds "5"]
[EventCountry "CAN"]
[SourceTitle "EXT 2011"]
[Source "ChessBase"]
[SourceDate "2010.11.26"]
[SourceVersion "1"]
[SourceVersionDate "2010.11.26"]
[SourceQuality "1"]

1. e4 e5 2. Nc3 Nc6 3. f4 Bc5 4. Nf3 d6 5. Bb5 Bg4 6. h3 Bxf3 7. Qxf3 Nf6 8. d3 0-0 9. Bxc6 bxc6 10. fxe5 dxe5 11. Bg5 Be7 12. 0-0 Rb8 13. Rab1 h6 14. Be3 Nh7 15. Qg3 Ng5 16. Bxa7 Rb7 17. Be3 Qb8 18. h4 Ne6 19. Bxh6 Rxb2 20. h5 Bh4 21. Qxh4 gxh6 22. Qg3+ Ng7 23. Qxe5 Qa7+ 24. Kh2 Rxc2 25. Rf3 Qa3 26. Rb3 Qd6 27. Qxd6 cxd6 28. Rf6 Ne6 29. Ra3 Kg7 30. Rf3 Ng5 31. Rg3 Kf6 32. Nd1 Ke5 33. Ne3 Rf2 34. Ng4+ 1-0

[Event "Montreal Mercredi 01"]
[Site "Montreal"]
[Date "2009.01.21"]
[Round "3"]
[White "Marquis, Gerald"]
[Black "Chestnut, Walter"]
[Result "0-1"]
[WhiteElo "1550"]
[BlackElo "1540"]
[PlyCount "77"]
[EventDate "2009.01.07"]
[EventType "tourn"]
[EventRounds "5"]
[EventCountry "CAN"]
[SourceTitle "EXT 2011"]
[Source "ChessBase"]
[SourceDate "2010.11.26"]
[SourceVersion "1"]
[SourceVersionDate "2010.11.26"]
[SourceQuality "1"]

1. e4 e5 2. Nf3 Nc6 3. Bc4 Bc5 4. c3 Nf6 5. d4 exd4 6. cxd4 Bb4+ 7. Bd2 Bxd2+ 8. Nbxd2 0-0 9. 0-0 d5 10. Bd3 dxe4 11. Nxe4 Bg4 12. Nxf6+ Qxf6 13. Be4 Rad8 14. d5 Ne5 15. Qb3 Nxf3+ 16. gxf3 Bh3 17. Kh1 Bxf1 18. Rxf1 Qa6 19. Rg1 Qb6 20. Qc3 g6 21. Qc2 Rd6 22. b3 c6 23. dxc6 bxc6 24. Rg5 Qd4 25. Ra5 Qb4 26. Rxa7 Qe1+ 27. Kg2 Rd2 28. Qc5 Rfd8 29. Bxc6 Rxf2+ 30. Qxf2 Rd2 31. Qxd2 Qxd2+ 32. Kg3 Qd6+ 33. Kg2 Qxc6 34. b4 Kg7 35. Ra5 h5 36. a4 Qc3 37. Rb5 Qc2+ 38. Kg3 Qxa4 39. Rb7 0-1